00363nam a22001337a 450000500170000000800410001702000180005804100080007608200190008410000200010324500630012326000350018630000080022120180203103541.0160427b xxu||||| |||| 00| 0 eng d a81-203-0933-2 aeng b00305a004.165 aUffenbeck, John aThe 8086/8088 Family: Design, Programming, and Interfacing aNew DelhibPHI Pvt Ltd. c2003 a630